000 00559nam a2200205Ia 4500
005 20250508150559.0
008 008 250505s9999 xx 000 0 eng d
037 _aTextual
040 _aFEDL
_beng
_cFEDL
041 _aeng
_2eng
084 _a150.1, SAR
_qFEDL
100 _aSargent S Stansfeld
245 0 _aBasic teachings of the great psychologists
260 _aPhiladelphia
_bBlakiston Company
_c1944
300 _ax,344p.
365 _aINR
_b7
650 _aPsychology
942 _cTEXL
_h150.1, SAR
999 _c1324379
_d1324379